Paroles - à perte de vue - Pomme - Statistiques

Statistiques générales
  • Ce quiz a été pris 12 fois
  • Le résultat moyen est 111 sur 157
Statistiques - réponses
Réponse % Correct
a
100%
A
100%
à
100%
de
100%
De
100%
au
86%
baleines
86%
bélugas
86%
croire
86%
fond
86%
géants
86%
Il
86%
Le
86%
le
86%
les
86%
leurs
86%
l'océan
86%
l'on
86%
ne
86%
pas
86%
pleurent
86%
Quand
86%
que
86%
sauver
86%
s'éteignent
86%
y
86%
briser
71%
ça,
71%
choses ?
71%
cœurs
71%
comme
71%
Comment
71%
comment
71%
depuis
71%
des
71%
dire
71%
en
71%
fait
71%
l'erreur
71%
longtemps
71%
ma
71%
parler
71%
perte
71%
qui
71%
qu'on
71%
sans
71%
Si
71%
sous
71%
te
71%
voix ?
71%
vue
71%
yeux
71%
cause
57%
ces
57%
je
57%
la
57%
mains
57%
mal
57%
nos
57%
Oui,
57%
savais
57%
Tous
57%
tuent
57%
voit
57%
Ah-ah,
43%
Ah-ah
43%
ah-ah
43%
blancs
43%
c'est
43%
corps
43%
d'accord
43%
drapeaux
43%
efforts
43%
faire
43%
grands
43%
semblant
43%
défie
29%
(hmm)
29%
lumière,
29%
pour
29%
Pour
29%
printemps
29%
riant
29%
sort
29%
toujours
29%
trouver
29%
(hmm)
14%
toucher
14%
Aucun quiz correspondant
Distribution des résultats
% des personnes avec chaque résultat
Percentile par nombre de réponses
Votre historique - résultats
Vous n’avez pas pris ce quiz